[Event "AsianNationCup2018-OpenRapid"]
[Site "?"]
[Date "2018.07.27"]
[Round "2.16"]
[White "Taleb, Salem Hatam"]
[Black "Bai, Jinshi"]
[Result "0-1"]
[BlackElo "2443"]
[WhiteElo "2091"]
[LiveChessVersion "1.4.8"]

1. d4 {[%clk 0:15:18]} Nf6 {[%clk 0:15:18]} 2. Nf3 {[%clk 0:15:25]} g6
{[%clk 0:15:21]} 3. Nc3 {[%clk 0:15:17]} d5 {[%clk 0:15:25]} 4. Bf4
{[%clk 0:15:25]} Bg7 {[%clk 0:15:26]} 5. e3 {[%clk 0:15:34]} O-O {[%clk 0:15:33]}
6. Be2 {[%clk 0:15:43]} c5 {[%clk 0:15:35]} 7. Ne5 {[%clk 0:15:23]} cxd4
{[%clk 0:14:39]} 8. exd4 {[%clk 0:15:30]} Nc6 {[%clk 0:14:32]} 9. O-O
{[%clk 0:15:29]} Bf5 {[%clk 0:14:32]} 10. Nxc6 {[%clk 0:15:33]} bxc6
{[%clk 0:14:40]} 11. Na4 {[%clk 0:15:19]} Nd7 {[%clk 0:14:41]} 12. c3
{[%clk 0:14:55]} e5 {[%clk 0:13:59]} 13. Be3 {[%clk 0:13:51]} Re8
{[%clk 0:14:07]} 14. Rc1 {[%clk 0:13:00]} Qc7 {[%clk 0:13:55]} 15. Qd2
{[%clk 0:12:55]} Qa5 {[%clk 0:13:27]} 16. b3 {[%clk 0:12:54]} exd4
{[%clk 0:13:26]} 17. Bf4 {[%clk 0:10:49]} dxc3 {[%clk 0:13:34]} 18. Nxc3
{[%clk 0:10:55]} d4 {[%clk 0:12:50]} 19. Ne4 {[%clk 0:07:35]} Qxd2
{[%clk 0:12:55]} 20. Nxd2 {[%clk 0:07:44]} Rxe2 {[%clk 0:13:02]} 21. Rxc6
{[%clk 0:07:40]} Ne5 {[%clk 0:13:04]} 22. Bxe5 Bxe5 {[%clk 0:13:12]} 23. Nf3
{[%clk 0:06:08]} d3 {[%clk 0:13:13]} 24. Nxe5 {[%clk 0:05:59]} Rxe5
{[%clk 0:13:22]} 25. Rd6 {[%clk 0:06:03]} Re2 {[%clk 0:13:22]} 26. f3
{[%clk 0:06:03]} Rc8 {[%clk 0:13:14]} 27. g4 {[%clk 0:05:38]} Rcc2
{[%clk 0:13:21]} 28. Rd1 {[%clk 0:05:39]} Rg2+ {[%clk 0:13:27]} 29. Kh1
{[%clk 0:05:44]} Rxh2+ {[%clk 0:13:35]} 30. Kg1 {[%clk 0:05:54]} Rcg2+
{[%clk 0:13:05]} 31. Kf1 {[%clk 0:06:03]} Rxa2 {[%clk 0:13:13]} 32. Kg1
{[%clk 0:06:09]} Be6 {[%clk 0:13:08]} 33. R6xd3 {[%clk 0:06:13]} Rag2+
{[%clk 0:13:15]} 34. Kf1 {[%clk 0:06:21]} Rb2 {[%clk 0:13:23]} 35. Kg1
{[%clk 0:06:30]} Rhg2+ {[%clk 0:13:29]} 36. Kh1 {[%clk 0:06:38]} Rg3
{[%clk 0:13:35]} 37. Ra1 {[%clk 0:06:18]} Rxb3 {[%clk 0:13:39]} 38. Rxb3
{[%clk 0:06:11]} Bxb3 {[%clk 0:13:47]} 39. Rf1 {[%clk 0:06:20]} Bd5
{[%clk 0:13:56]} 0-1

[Event "AsianNationCup2018-OpenRapid"]
[Site "?"]
[Date "2018.07.27"]
[Round "3.1"]
[White "Ganguly, Surya Shekhar"]
[Black "Yakubboev, Nodirbek"]
[Result "1-0"]
[BlackElo "2272"]
[WhiteElo "2619"]
[LiveChessVersion "1.4.8"]

1. e4 {[%clk 0:15:16]} e5 {[%clk 0:15:12]} 2. Nf3 {[%clk 0:15:22]} Nc6
{[%clk 0:15:20]} 3. Bb5 {[%clk 0:15:23]} Nf6 {[%clk 0:15:23]} 4. O-O
{[%clk 0:15:22]} Nxe4 {[%clk 0:15:30]} 5. Re1 {[%clk 0:15:22]} Nd6
{[%clk 0:15:38]} 6. Nxe5 {[%clk 0:15:26]} Be7 {[%clk 0:15:46]} 7. Bf1
{[%clk 0:15:29]} Nxe5 {[%clk 0:15:54]} 8. Rxe5 {[%clk 0:15:36]} O-O
{[%clk 0:16:01]} 9. d4 {[%clk 0:15:41]} Ne8 {[%clk 0:15:44]} 10. Nc3
{[%clk 0:15:05]} Bf6 {[%clk 0:15:49]} 11. Bd3 {[%clk 0:14:45]} Bxe5
{[%clk 0:14:02]} 12. dxe5 {[%clk 0:14:53]} d6 {[%clk 0:14:09]} 13. Qh5
{[%clk 0:14:51]} g6 {[%clk 0:14:12]} 14. Qh6 {[%clk 0:14:59]} dxe5
{[%clk 0:11:59]} 15. Bg5 {[%clk 0:15:07]} Nf6 {[%clk 0:08:34]} 16. Qh4
{[%clk 0:11:01]} Qd4 {[%clk 0:08:42]} 17. Bxf6 {[%clk 0:11:02]} Qxh4
{[%clk 0:08:50]} 18. Bxh4 {[%clk 0:11:10]} f5 {[%clk 0:07:01]} 19. Bc4+
{[%clk 0:06:18]} Kg7 {[%clk 0:07:08]} 20. Rd1 {[%clk 0:06:27]} h6
{[%clk 0:05:24]} 21. f3 {[%clk 0:06:14]} c6 {[%clk 0:05:10]} 22. a4
{[%clk 0:06:19]} g5 {[%clk 0:04:45]} 23. Bf2 {[%clk 0:06:19]} f4 {[%clk 0:04:27]}
24. Bc5 {[%clk 0:06:08]} Rh8 {[%clk 0:03:31]} 25. Ne4 {[%clk 0:05:01]} Bf5
{[%clk 0:02:47]} 26. Be7 {[%clk 0:05:02]} Bxe4 {[%clk 0:01:39]} 27. fxe4
{[%clk 0:05:10]} Rh7 {[%clk 0:01:18]} 28. Be6 {[%clk 0:04:21]} Re8
{[%clk 0:00:21]} 29. Rd7 {[%clk 0:04:27]} 1-0

[Event "AsianNationCup2018-OpenRapid"]
[Site "?"]
[Date "2018.07.27"]
[Round "3.2"]
[White "Khoroshev, Nikita"]
[Black "Adhiban, B."]
[Result "0-1"]
[BlackElo "2673"]
[WhiteElo "2286"]
[LiveChessVersion "1.4.8"]

1. Nf3 {[%clk 0:15:16]} c5 {[%clk 0:15:17]} 2. g3 {[%clk 0:15:22]} Nc6
{[%clk 0:15:21]} 3. Bg2 {[%clk 0:15:30]} e5 {[%clk 0:15:28]} 4. d3
{[%clk 0:15:35]} g6 {[%clk 0:15:25]} 5. c4 {[%clk 0:15:19]} Bg7 {[%clk 0:15:34]}
6. Nc3 {[%clk 0:15:28]} Nge7 {[%clk 0:15:38]} 7. Bg5 {[%clk 0:15:30]} f6
{[%clk 0:15:28]} 8. Bd2 {[%clk 0:15:38]} d6 {[%clk 0:15:25]} 9. h4
{[%clk 0:15:33]} h6 {[%clk 0:15:21]} 10. Qc1 {[%clk 0:15:18]} Be6
{[%clk 0:15:13]} 11. a3 {[%clk 0:14:46]} a5 {[%clk 0:15:10]} 12. e4
{[%clk 0:12:25]} f5 {[%clk 0:14:56]} 13. Nd5 {[%clk 0:11:38]} a4 {[%clk 0:14:15]}
14. Bc3 {[%clk 0:07:56]} O-O {[%clk 0:11:38]} 15. Bd2 {[%clk 0:07:51]} Na5
{[%clk 0:08:55]} 16. Bxa5 {[%clk 0:06:41]} Qxa5+ {[%clk 0:08:44]} 17. Qd2
{[%clk 0:06:50]} Nc6 {[%clk 0:07:43]} 18. Qxa5 {[%clk 0:06:52]} Rxa5
{[%clk 0:07:52]} 19. Rc1 {[%clk 0:04:54]} Rf7 {[%clk 0:07:35]} 20. Nc3
{[%clk 0:04:00]} Na7 {[%clk 0:06:31]} 21. h5 {[%clk 0:03:51]} g5 {[%clk 0:06:36]}
22. exf5 {[%clk 0:03:57]} Bxf5 {[%clk 0:06:42]} 23. Nd2 {[%clk 0:03:39]} Bxd3
{[%clk 0:04:53]} 24. Bd5 {[%clk 0:03:44]} Kf8 {[%clk 0:04:58]} 25. Bxf7 Kxf7
{[%clk 0:05:07]} 26. Nde4 {[%clk 0:03:53]} Ke6 {[%clk 0:04:32]} 27. Rd1
{[%clk 0:03:56]} Bxe4 {[%clk 0:04:29]} 28. Nxe4 {[%clk 0:04:06]} Ra6
{[%clk 0:04:36]} 29. g4 {[%clk 0:03:48]} b5 {[%clk 0:04:42]} 30. Rh3
{[%clk 0:03:08]} bxc4 {[%clk 0:03:49]} 31. Rc3 {[%clk 0:03:17]} Bf8
{[%clk 0:03:23]} 32. Rxc4 {[%clk 0:03:20]} Nc8 {[%clk 0:03:25]} 33. Rc2
{[%clk 0:03:02]} Nb6 {[%clk 0:02:59]} 34. f3 {[%clk 0:02:20]} Ra5
{[%clk 0:03:01]} 35. Rdc1 {[%clk 0:01:43]} Nd7 {[%clk 0:03:10]} 36. Nf2
{[%clk 0:01:28]} d5 {[%clk 0:03:15]} 37. Nd1 {[%clk 0:01:24]} c4 {[%clk 0:03:12]}
38. Ne3 {[%clk 0:01:33]} Nc5 {[%clk 0:03:15]} 39. Kf1 {[%clk 0:01:40]} Nb3
{[%clk 0:01:43]} 40. Rd1 {[%clk 0:01:46]} Nd4 {[%clk 0:01:50]} 41. Rc3
{[%clk 0:01:41]} Rb5 {[%clk 0:01:53]} 42. Rd2 {[%clk 0:01:42]} Be7
{[%clk 0:01:40]} 43. Kg2 {[%clk 0:01:50]} Bd8 {[%clk 0:01:48]} 44. Nxc4
{[%clk 0:01:36]} dxc4 {[%clk 0:01:56]} 45. Rxc4 {[%clk 0:01:46]} Ba5
{[%clk 0:02:02]} 46. Rf2 {[%clk 0:01:38]} Be1 {[%clk 0:02:11]} 47. Rf1
{[%clk 0:01:47]} Rxb2+ {[%clk 0:02:19]} 48. Kh3 {[%clk 0:01:29]} Bf2
{[%clk 0:02:18]} 49. Rxa4 {[%clk 0:01:22]} Be3 {[%clk 0:02:27]} 50. Ra6+
{[%clk 0:01:27]} Ke7 {[%clk 0:02:09]} 51. Ra7+ {[%clk 0:01:31]} Ke6
{[%clk 0:02:06]} 52. Ra6+ {[%clk 0:01:40]} Kd5 {[%clk 0:02:15]} 53. Ra5+
{[%clk 0:01:28]} Kc6 {[%clk 0:02:18]} 54. Rh1 {[%clk 0:00:52]} Bf4
{[%clk 0:02:21]} 55. Ra6+ {[%clk 0:01:00]} Kb7 {[%clk 0:02:28]} 56. Ra4
{[%clk 0:00:46]} Ra2 {[%clk 0:02:23]} 57. Rb1+ {[%clk 0:00:41]} Kc6
{[%clk 0:02:31]} 58. Ra6+ {[%clk 0:00:50]} Kc5 {[%clk 0:02:35]} 59. Ra5+
{[%clk 0:00:44]} Kc4 {[%clk 0:02:41]} 60. Ra4+ {[%clk 0:00:33]} Kc3
{[%clk 0:02:48]} 0-1

[Event "AsianNationCup2018-OpenRapid"]
[Site "?"]
[Date "2018.07.27"]
[Round "3.3"]
[White "Sasikiran, Krishnan"]
[Black "Sindarov, Javokhir"]
[Result "0-1"]
[BlackElo "2287"]
[WhiteElo "2625"]
[LiveChessVersion "1.4.8"]

1. e4 {[%clk 0:15:18]} e5 {[%clk 0:15:19]} 2. Nf3 {[%clk 0:15:26]} Nc6
{[%clk 0:15:27]} 3. Bb5 {[%clk 0:15:34]} a6 {[%clk 0:15:36]} 4. Ba4
{[%clk 0:15:42]} Nf6 {[%clk 0:15:45]} 5. O-O {[%clk 0:15:47]} Be7
{[%clk 0:15:54]} 6. Re1 {[%clk 0:15:54]} b5 {[%clk 0:16:03]} 7. Bb3
{[%clk 0:16:03]} d6 {[%clk 0:16:11]} 8. c3 {[%clk 0:16:11]} O-O {[%clk 0:16:16]}
9. h3 {[%clk 0:16:19]} Bb7 {[%clk 0:16:25]} 10. d4 {[%clk 0:16:22]} Re8
{[%clk 0:16:34]} 11. Nbd2 {[%clk 0:16:22]} Bf8 {[%clk 0:16:31]} 12. a4
{[%clk 0:16:24]} h6 {[%clk 0:16:24]} 13. Bc2 {[%clk 0:16:19]} exd4
{[%clk 0:16:32]} 14. cxd4 {[%clk 0:16:28]} Nb4 {[%clk 0:16:36]} 15. Bb1
{[%clk 0:16:36]} c5 {[%clk 0:16:40]} 16. d5 {[%clk 0:16:31]} g6 {[%clk 0:16:48]}
17. Nf1 {[%clk 0:15:36]} Bg7 {[%clk 0:16:27]} 18. N1h2 {[%clk 0:14:14]} Qd7
{[%clk 0:12:51]} 19. Bd2 {[%clk 0:13:13]} Nfxd5 {[%clk 0:12:28]} 20. exd5
{[%clk 0:11:13]} Bxb2 {[%clk 0:12:37]} 21. Be4 {[%clk 0:08:55]} Bxa1
{[%clk 0:11:56]} 22. Qxa1 {[%clk 0:08:50]} f5 {[%clk 0:12:05]} 23. Bb1
{[%clk 0:08:13]} Rxe1+ {[%clk 0:10:41]} 24. Bxe1 {[%clk 0:07:07]} Nxd5
{[%clk 0:10:40]} 25. Ba2 {[%clk 0:06:11]} c4 {[%clk 0:10:44]} 26. Bd2
{[%clk 0:05:48]} Qg7 {[%clk 0:10:17]} 27. Nd4 {[%clk 0:05:29]} Nb6
{[%clk 0:07:32]} 28. Be3 {[%clk 0:04:46]} Nd5 {[%clk 0:07:17]} 29. Bd2
{[%clk 0:04:47]} Kh7 {[%clk 0:07:05]} 30. Nhf3 {[%clk 0:04:17]} Rc8
{[%clk 0:07:07]} 31. axb5 {[%clk 0:02:47]} axb5 {[%clk 0:07:16]} 32. Qb1
{[%clk 0:02:51]} c3 {[%clk 0:07:19]} 33. Bc1 {[%clk 0:02:14]} c2 {[%clk 0:06:50]}
34. Qb2 {[%clk 0:00:36]} Nc3 {[%clk 0:06:53]} 35. Kh2 {[%clk 0:00:21]} Bxf3
{[%clk 0:06:43]} 36. Nxf3 {[%clk 0:00:30]} Ne2 {[%clk 0:06:52]} 37. Qa3
{[%clk 0:00:19]} Rc3 {[%clk 0:06:38]} 38. Qb2 {[%clk 0:00:16]} Rxf3
{[%clk 0:06:37]} 39. gxf3 {[%clk 0:00:22]} Qxb2 40. Bxb2 {[%clk 0:00:31]} c1=Q
{[%clk 0:06:53]} 0-1

[Event "AsianNationCup2018-OpenRapid"]
[Site "?"]
[Date "2018.07.27"]
[Round "3.4"]
[White "Abdisalimov, Abdimalik"]
[Black "Gupta, Abhijeet"]
[Result "1/2-1/2"]
[BlackElo "2562"]
[WhiteElo "2135"]
[LiveChessVersion "1.4.8"]

1. d4 {[%clk 0:15:19]} Nf6 {[%clk 0:15:19]} 2. c4 {[%clk 0:15:29]} Nc6
{[%clk 0:15:23]} 3. Nf3 {[%clk 0:15:31]} e6 {[%clk 0:15:32]} 4. Bg5
{[%clk 0:15:08]} Bb4+ {[%clk 0:15:35]} 5. Nbd2 {[%clk 0:15:12]} h6
{[%clk 0:15:29]} 6. Bxf6 {[%clk 0:15:08]} Qxf6 {[%clk 0:15:36]} 7. e3
{[%clk 0:15:16]} e5 {[%clk 0:15:14]} 8. a3 {[%clk 0:15:13]} Bxd2+
{[%clk 0:15:02]} 9. Qxd2 {[%clk 0:15:22]} d6 {[%clk 0:14:24]} 10. Be2
{[%clk 0:15:23]} e4 {[%clk 0:14:03]} 11. Ng1 {[%clk 0:15:32]} O-O
{[%clk 0:14:10]} 12. Bd1 {[%clk 0:14:54]} Qg6 {[%clk 0:11:43]} 13. g3
{[%clk 0:15:02]} Bg4 {[%clk 0:10:40]} 14. Ne2 {[%clk 0:15:11]} Qf5
{[%clk 0:09:20]} 15. Nf4 {[%clk 0:15:19]} Bxd1 16. Rxd1 {[%clk 0:15:28]} Ne7
{[%clk 0:08:56]} 17. h4 {[%clk 0:15:30]} Ng6 {[%clk 0:08:31]} 18. O-O
{[%clk 0:13:09]} Nxf4 {[%clk 0:08:16]} 19. exf4 {[%clk 0:13:18]} d5
{[%clk 0:08:23]} 20. cxd5 {[%clk 0:13:27]} Qxd5 {[%clk 0:08:31]} 21. Rc1
{[%clk 0:13:36]} c6 {[%clk 0:08:35]} 22. Rc5 {[%clk 0:13:42]} Qd6
{[%clk 0:08:36]} 23. Qb4 {[%clk 0:13:22]} Rfd8 {[%clk 0:07:08]} 24. Qxb7
{[%clk 0:12:39]} Qxd4 {[%clk 0:07:15]} 25. Re5 {[%clk 0:12:37]} Rab8
{[%clk 0:05:31]} 26. Qxc6 {[%clk 0:12:41]} Qxb2 {[%clk 0:05:31]} 27. a4
{[%clk 0:12:09]} Rd2 {[%clk 0:04:19]} 28. Re8+ {[%clk 0:12:01]} Rxe8
{[%clk 0:04:21]} 29. Qxe8+ {[%clk 0:12:09]} Kh7 {[%clk 0:04:29]} 30. Qxe4+
{[%clk 0:12:18]} g6 {[%clk 0:04:30]} 31. Qe7 {[%clk 0:11:54]} Qb3
{[%clk 0:04:17]} 32. Qxa7 {[%clk 0:11:40]} Ra2 {[%clk 0:04:19]} 33. a5
{[%clk 0:11:48]} Qd5 {[%clk 0:04:24]} 34. a6 {[%clk 0:08:45]} Qe6
{[%clk 0:04:09]} 35. Qc5 {[%clk 0:08:49]} Rxa6 {[%clk 0:04:13]} 36. h5
{[%clk 0:08:54]} gxh5 {[%clk 0:03:55]} 37. Qxh5 {[%clk 0:08:57]} Qg6
{[%clk 0:04:03]} 38. Qh4 {[%clk 0:09:02]} Kg7 {[%clk 0:04:04]} 39. Re1
{[%clk 0:09:03]} Qf5 {[%clk 0:04:02]} 40. Qe7 {[%clk 0:07:50]} Rg6
{[%clk 0:04:05]} 41. Re4 {[%clk 0:05:10]} Qd5 {[%clk 0:03:52]} 42. Kh2
{[%clk 0:04:52]} Qh5+ {[%clk 0:03:53]} 43. Kg2 {[%clk 0:04:57]} Qd5
{[%clk 0:04:01]} 44. Qe5+ {[%clk 0:04:59]} Qxe5 {[%clk 0:04:09]} 45. fxe5
{[%clk 0:05:08]} Re6 {[%clk 0:03:43]} 46. Kf3 {[%clk 0:05:17]} f6
{[%clk 0:03:28]} 47. exf6+ Rxf6+ {[%clk 0:03:37]} 48. Rf4 {[%clk 0:04:57]} Ra6
{[%clk 0:03:46]} 49. Kg4 {[%clk 0:05:06]} Kg6 {[%clk 0:03:52]} 50. Rc4
{[%clk 0:05:10]} Rf6 {[%clk 0:03:55]} 51. f4 {[%clk 0:05:19]} Ra6
{[%clk 0:03:56]} 52. Re4 {[%clk 0:05:17]} Rb6 {[%clk 0:03:28]} 53. Rc4
{[%clk 0:03:56]} Ra6 {[%clk 0:03:36]} 54. Kh4 {[%clk 0:04:04]} Rb6
{[%clk 0:03:44]} 55. Re4 {[%clk 0:04:10]} Ra6 {[%clk 0:03:52]} 56. g4
{[%clk 0:04:08]} Ra1 {[%clk 0:03:37]} 57. f5+ {[%clk 0:04:12]} Kf7
{[%clk 0:03:23]} 58. Re3 {[%clk 0:03:40]} Rh1+ {[%clk 0:02:57]} 59. Rh3
{[%clk 0:03:49]} Rg1 {[%clk 0:03:05]} 60. Rh2 {[%clk 0:03:24]} Kf6
{[%clk 0:03:02]} 61. Re2 {[%clk 0:02:24]} Kf7 {[%clk 0:02:25]} 62. Re6
{[%clk 0:02:25]} Rh1+ {[%clk 0:02:17]} 63. Kg3 {[%clk 0:02:35]} h5
{[%clk 0:02:15]} 64. g5 {[%clk 0:01:17]} Rg1+ {[%clk 0:02:23]} 65. Kf4
{[%clk 0:01:26]} Rg4+ {[%clk 0:01:26]} 66. Ke5 {[%clk 0:01:35]} Rxg5
{[%clk 0:01:35]} 67. Ra6 {[%clk 0:01:44]} Rg1 {[%clk 0:01:34]} 68. Ra7+
{[%clk 0:01:50]} Kg8 {[%clk 0:01:42]} 69. Kf6 {[%clk 0:01:36]} Rb1
{[%clk 0:01:32]} 70. Rg7+ {[%clk 0:00:28]} Kf8 {[%clk 0:01:34]} 71. Rh7
{[%clk 0:00:27]} Rb6+ {[%clk 0:01:41]} 72. Kg5 {[%clk 0:00:35]} Ra6
{[%clk 0:01:40]} 73. Kxh5 {[%clk 0:00:19]} Kg8 {[%clk 0:01:43]} 74. Rd7
{[%clk 0:00:27]} Kf8 {[%clk 0:01:51]} 75. Kg5 {[%clk 0:00:33]} Rb6
{[%clk 0:01:58]} 1/2-1/2

[Event "AsianNationCup2018-OpenRapid"]
[Site "?"]
[Date "2018.07.27"]
[Round "3.5"]
[White "Lu, Shanglei"]
[Black "Gholami Orimi, Mahdi"]
[Result "1-0"]
[BlackElo "2092"]
[WhiteElo "2663"]
[LiveChessVersion "1.4.8"]

1. e4 {[%clk 0:15:18]} e5 {[%clk 0:15:19]} 2. Nf3 {[%clk 0:15:27]} Nc6
{[%clk 0:15:27]} 3. Bb5 {[%clk 0:15:35]} a6 {[%clk 0:15:36]} 4. Ba4
{[%clk 0:15:44]} Nf6 {[%clk 0:15:44]} 5. O-O {[%clk 0:15:53]} b5 {[%clk 0:15:51]}
6. Bb3 {[%clk 0:16:01]} Bb7 {[%clk 0:16:00]} 7. Re1 {[%clk 0:15:53]} Bc5
{[%clk 0:16:06]} 8. c3 {[%clk 0:15:52]} d6 {[%clk 0:16:12]} 9. d4
{[%clk 0:14:50]} Bb6 {[%clk 0:16:19]} 10. Be3 {[%clk 0:14:38]} O-O
{[%clk 0:16:07]} 11. Nbd2 {[%clk 0:14:29]} h6 {[%clk 0:15:41]} 12. d5
{[%clk 0:14:37]} Ne7 {[%clk 0:15:48]} 13. Bxb6 {[%clk 0:14:46]} cxb6
{[%clk 0:15:56]} 14. Bc2 {[%clk 0:14:30]} Nh7 {[%clk 0:15:20]} 15. Nf1
{[%clk 0:14:24]} Ng5 {[%clk 0:14:38]} 16. Nxg5 {[%clk 0:14:18]} hxg5
{[%clk 0:14:46]} 17. Qh5 {[%clk 0:14:07]} f6 {[%clk 0:14:33]} 18. Ne3
{[%clk 0:13:14]} g6 {[%clk 0:14:34]} 19. Qe2 {[%clk 0:13:20]} Kg7
{[%clk 0:14:38]} 20. Bd3 {[%clk 0:12:44]} Qd7 {[%clk 0:14:40]} 21. c4
{[%clk 0:12:35]} bxc4 {[%clk 0:12:30]} 22. Nxc4 {[%clk 0:12:43]} Qd8
{[%clk 0:11:51]} 23. b4 {[%clk 0:12:47]} b5 {[%clk 0:07:49]} 24. Na5
{[%clk 0:12:55]} Qb6 {[%clk 0:07:18]} 25. Qe3 {[%clk 0:11:49]} Qxe3 26. fxe3
{[%clk 0:11:57]} Ra7 {[%clk 0:06:14]} 27. a4 {[%clk 0:07:56]} Ba8
{[%clk 0:03:02]} 28. axb5 {[%clk 0:05:08]} axb5 {[%clk 0:03:09]} 29. Nb3
{[%clk 0:05:14]} Rc7 {[%clk 0:02:21]} 30. Rec1 {[%clk 0:04:31]} Rxc1+
{[%clk 0:02:20]} 31. Rxc1 {[%clk 0:04:38]} f5 {[%clk 0:02:30]} 32. Rc7
{[%clk 0:04:47]} Kf7 {[%clk 0:00:52]} 33. Rd7 {[%clk 0:03:56]} Rc8
{[%clk 0:00:39]} 34. Rxd6 {[%clk 0:04:00]} Rc3 {[%clk 0:00:19]} 35. Nc5
{[%clk 0:04:07]} fxe4 {[%clk 0:00:22]} 36. Bxe4 {[%clk 0:04:14]} Rxe3
{[%clk 0:00:20]} 37. Rd8 {[%clk 0:03:08]} Ra3 {[%clk 0:00:24]} 38. d6
{[%clk 0:02:10]} Bxe4 {[%clk 0:00:14]} 39. Nxe4 {[%clk 0:02:18]} Nf5
{[%clk 0:00:23]} 40. Nxg5+ {[%clk 0:02:21]} Kg7 {[%clk 0:00:13]} 41. d7
{[%clk 0:02:23]} Rd3 {[%clk 0:00:18]} 42. Ne6+ {[%clk 0:02:31]} Kf6
{[%clk 0:00:17]} 43. Nc5 {[%clk 0:02:23]} Rd1+ {[%clk 0:00:21]} 44. Kf2
{[%clk 0:02:32]} 1-0

[Event "AsianNationCup2018-OpenRapid"]
[Site "?"]
[Date "2018.07.27"]
[Round "3.6"]
[White "Javanbakht, Nima"]
[Black "Wen, Yang"]
[Result "0-1"]
[BlackElo "2571"]
[WhiteElo "2349"]
[LiveChessVersion "1.4.8"]

1. d4 {[%clk 0:15:15]} Nf6 {[%clk 0:15:19]} 2. c4 {[%clk 0:15:24]} e6
{[%clk 0:15:28]} 3. Nf3 {[%clk 0:15:33]} d5 {[%clk 0:15:37]} 4. Nc3
{[%clk 0:15:39]} c6 {[%clk 0:15:38]} 5. Bg5 {[%clk 0:15:43]} h6 {[%clk 0:15:48]}
6. Bh4 {[%clk 0:15:48]} dxc4 {[%clk 0:15:56]} 7. e4 {[%clk 0:15:48]} g5
{[%clk 0:16:04]} 8. Bg3 {[%clk 0:15:56]} b5 {[%clk 0:16:13]} 9. Be2
{[%clk 0:15:50]} Bb7 {[%clk 0:16:21]} 10. Qc2 {[%clk 0:15:56]} Nh5
{[%clk 0:16:07]} 11. Rd1 {[%clk 0:14:48]} Nxg3 {[%clk 0:16:13]} 12. fxg3
{[%clk 0:14:55]} Nd7 {[%clk 0:16:18]} 13. O-O {[%clk 0:14:49]} Qb6
{[%clk 0:16:16]} 14. Kh1 {[%clk 0:14:58]} O-O-O {[%clk 0:16:16]} 15. b3
{[%clk 0:14:53]} cxb3 {[%clk 0:16:19]} 16. Qxb3 {[%clk 0:14:50]} a6
{[%clk 0:16:10]} 17. a4 {[%clk 0:14:48]} Bg7 {[%clk 0:14:51]} 18. e5
{[%clk 0:13:29]} Kb8 {[%clk 0:14:29]} 19. Rb1 {[%clk 0:09:51]} g4
{[%clk 0:14:03]} 20. Nd2 {[%clk 0:09:36]} Qxd4 {[%clk 0:14:06]} 21. axb5
{[%clk 0:08:45]} Nc5 {[%clk 0:14:13]} 22. Qa3 {[%clk 0:03:28]} cxb5
{[%clk 0:11:41]} 23. Bxb5 {[%clk 0:03:36]} Bxe5 {[%clk 0:09:20]} 24. Bc6
{[%clk 0:02:30]} Qxc3 {[%clk 0:07:50]} 25. Nb3 {[%clk 0:01:15]} Nxb3
{[%clk 0:06:32]} 26. Bxb7 {[%clk 0:01:19]} Nd2 {[%clk 0:06:40]} 27. Qxa6
{[%clk 0:00:21]} Nxb1 {[%clk 0:06:39]} 28. Be4 {[%clk 0:00:16]} Rd5
{[%clk 0:04:17]} 29. Rxb1+ {[%clk 0:00:25]} Kc7 {[%clk 0:04:27]} 30. Qb7+
{[%clk 0:00:14]} Kd8 {[%clk 0:04:25]} 31. Bxd5 {[%clk 0:00:13]} exd5
{[%clk 0:04:17]} 32. Qxd5+ {[%clk 0:00:22]} Ke7 {[%clk 0:04:23]} 33. Rb7+
{[%clk 0:00:11]} Bc7 {[%clk 0:04:32]} 34. Qe4+ {[%clk 0:00:21]} Kf6
{[%clk 0:04:05]} 35. Rb1 {[%clk 0:00:23]} h5 {[%clk 0:03:46]} 36. Rf1+
{[%clk 0:00:32]} Kg7 {[%clk 0:03:55]} 37. Qf5 {[%clk 0:00:38]} f6
{[%clk 0:03:58]} 38. Qd7+ {[%clk 0:00:47]} Kh6 {[%clk 0:04:03]} 39. Qf7
{[%clk 0:00:49]} Be5 {[%clk 0:04:01]} 40. h3 {[%clk 0:00:56]} Ra8
{[%clk 0:03:30]} 41. hxg4 hxg4 {[%clk 0:03:39]} 42. Qe6 {[%clk 0:00:51]} Ra1
{[%clk 0:03:08]} 43. Rxa1 {[%clk 0:00:44]} Qxa1+ {[%clk 0:03:17]} 44. Kh2
{[%clk 0:00:54]} Qa7 {[%clk 0:02:25]} 45. Qxg4 {[%clk 0:00:55]} Qh7
{[%clk 0:02:26]} 46. Kg1 {[%clk 0:00:24]} Qb1+ {[%clk 0:02:32]} 47. Kh2
{[%clk 0:00:33]} Qg6 {[%clk 0:02:40]} 48. Kh3 {[%clk 0:00:14]} Qxg4+
{[%clk 0:02:33]} 49. Kxg4 {[%clk 0:00:22]} Kg6 {[%clk 0:02:42]} 50. Kh4
{[%clk 0:00:26]} Kf5 {[%clk 0:02:48]} 51. g4+ {[%clk 0:00:30]} Kg6
{[%clk 0:02:57]} 0-1

[Event "AsianNationCup2018-OpenRapid"]
[Site "?"]
[Date "2018.07.27"]
[Round "3.7"]
[White "Xu, Xiangyu"]
[Black "Gholami, Aryan"]
[Result "1-0"]
[BlackElo "2295"]
[WhiteElo "2301"]
[LiveChessVersion "1.4.8"]

1. d4 {[%clk 0:15:18]} Nf6 {[%clk 0:15:19]} 2. c4 {[%clk 0:15:26]} e6
{[%clk 0:15:27]} 3. Nf3 {[%clk 0:15:21]} b6 {[%clk 0:15:35]} 4. a3
{[%clk 0:15:30]} Ba6 {[%clk 0:15:41]} 5. Qb3 {[%clk 0:15:35]} c5 {[%clk 0:15:15]}
6. d5 {[%clk 0:15:41]} exd5 {[%clk 0:15:01]} 7. cxd5 {[%clk 0:15:50]} d6
{[%clk 0:15:09]} 8. Nc3 {[%clk 0:15:50]} g6 {[%clk 0:15:00]} 9. g3
{[%clk 0:15:18]} Bg7 {[%clk 0:15:08]} 10. Bg2 {[%clk 0:15:27]} O-O
{[%clk 0:15:13]} 11. O-O {[%clk 0:15:34]} Re8 {[%clk 0:15:00]} 12. Re1
{[%clk 0:15:12]} Ne4 {[%clk 0:15:03]} 13. Qc2 {[%clk 0:14:18]} Nxc3
{[%clk 0:14:37]} 14. bxc3 {[%clk 0:14:27]} Nd7 {[%clk 0:13:43]} 15. e4
{[%clk 0:13:56]} Qf6 {[%clk 0:11:51]} 16. Qa4 {[%clk 0:12:35]} Bc8
{[%clk 0:11:48]} 17. Qc6 {[%clk 0:11:47]} Rb8 {[%clk 0:11:34]} 18. Bf4
{[%clk 0:11:55]} b5 {[%clk 0:11:01]} 19. e5 {[%clk 0:09:12]} dxe5
{[%clk 0:10:14]} 20. Nxe5 {[%clk 0:09:04]} Qf5 {[%clk 0:08:04]} 21. Nxf7
{[%clk 0:08:25]} Bb7 {[%clk 0:07:18]} 22. Nd6 {[%clk 0:07:22]} Bxc6
{[%clk 0:06:34]} 23. Nxf5 {[%clk 0:07:30]} gxf5 {[%clk 0:06:25]} 24. dxc6
{[%clk 0:05:25]} Ne5 {[%clk 0:06:32]} 25. Re2 {[%clk 0:05:30]} Nc4
{[%clk 0:05:41]} 26. c7 {[%clk 0:05:20]} Rbc8 {[%clk 0:05:45]} 27. Rxe8+
{[%clk 0:05:04]} Rxe8 {[%clk 0:05:53]} 28. Bd5+ {[%clk 0:05:05]} Kf8
{[%clk 0:06:00]} 29. Bxc4 {[%clk 0:05:13]} bxc4 {[%clk 0:06:08]} 30. Rb1
{[%clk 0:05:22]} 1-0